000 00505nam a22001937a 4500
005 20251108165201.0
008 250721s1958 xx 000 0 ara d
082 1 4 _aم/956/امي
100 1 _aأمين، أحمد
245 1 0 _aظهر الإسلام /
264 1 _aالقاهرة :
_bمطبعة خلف،
_c1958.
300 _aالقاهرة
490 0 _a
650 1 7 _aالعرب
650 1 7 _aالتاريخ
650 1 7 _aالعباسيون 750-1258
942 _2ddc
_cREF
999 _c21537
_d21537